000
00282nam a22001337a 4500
008
170203b xxu||||| |||| 00| 0 eng d
020
_a
9781561707928
041
_a
eng
080
_a
61
100
_a
3
101
_a
SHM
245
_a
HEAL YOUR BODY A-Z
_c
HAY, L.L
942
_2
udc
_c
BK
999
_c
4392
_d
4392